01253nam a2200205 a 4500008004100000020001800041092001600059100002200075245003700097250006200134260003700196300001100233500007900244505042200323590005400745655001700799942001300816999001500829952020300844161226t2007 ag |||g |||| 000 0 spa d a9789507531316 c823l8sBOW1 aBowler, Tim93093 3aEl chico del río /cTim Bowler a1a ed. 1a reimp.bTraducción Valeria Castelló-Joubert aBuenos Aires:bCántaro;c2007. a172 p. aBowler, T. (2007). El chico del río. (1a ed.). Buenos Aires : Cántaro. aEl abuelo de Jessica está enfermo, pero se niega a permanecer en el hospital. Está decidido a concluir su pintura del chico del río aunque sea lo último que haga. Jessica no comprende bien su empecinamiento, pero pronto ella también se ve atrapada por la enigmática pintura. Entonces conoce al chico del río en persona y sabe que existe un desafío que debe completar antes de que sea demasiado tarde.  aDonacion Marcela Debener. Proyecto 4to libro 2016 aNovela93091 2ddccLIT c2279d2279 00102ddc40708FICaBFMbBFMcCRd2016-12-26eDonacion Marcela Debener, 2016l2m2o823 8 BOWp3736r2024-10-07s2024-08-16tEj. 1w2016-12-26yLITzProyecto 4to libro. Donación Debener, Marcela